header

Laser surface modification and adhesion / (Record no. 4643)

MARC details
000 -LEADER
fixed length control field 01865nam a2200433 i 4500
001 - CONTROL NUMBER
control field ebr10951947
003 - CONTROL NUMBER IDENTIFIER
control field CaPaEBR
006 - FIXED-LENGTH DATA ELEMENTS--ADDITIONAL MATERIAL CHARACTERISTICS--GENERAL INFORMATION
fixed length control field m o d
007 - PHYSICAL DESCRIPTION FIXED FIELD--GENERAL INFORMATION
fixed length control field cr cn|||||||||
008 - FIXED-LENGTH DATA ELEMENTS--GENERAL INFORMATION
fixed length control field 141015t20152015njua ob 001 0 eng d
020 ## - INTERNATIONAL STANDARD BOOK NUMBER
Cancelled/invalid ISBN 9781118831632
International Standard Book Number 9781118831656 (e-book)
040 ## - CATALOGING SOURCE
Original cataloging agency CaPaEBR
Language of cataloging eng
Description conventions rda
-- pn
Transcribing agency CaPaEBR
035 ## - SYSTEM CONTROL NUMBER
System control number (OCoLC)893678002
050 14 - LIBRARY OF CONGRESS CALL NUMBER
Classification number TA418.7
Item number .L357 2015eb
082 04 - DEWEY DECIMAL CLASSIFICATION NUMBER
Classification number 620.1/10284
Edition number 23
245 00 - TITLE STATEMENT
Title Laser surface modification and adhesion /
Statement of responsibility, etc edited by K. L. Mittal, Thomas Bahners.
264 #1 - PRODUCTION, PUBLICATION, DISTRIBUTION, MANUFACTURE, AND COPYRIGHT NOTICE
Place of production, publication, distribution, manufacture Hoboken, New Jersey :
Name of producer, publisher, distributor, manufacturer Scrivener Publishing :
-- Wiley,
Date of production, publication, distribution, manufacture, or copyright notice 2015.
Date of production, publication, distribution, manufacture, or copyright notice �2015
300 ## - PHYSICAL DESCRIPTION
Extent 1 online resource (441 pages) :
Other physical details illustrations, tables.
336 ## - CONTENT TYPE
Content type term text
Source rdacontent
337 ## - MEDIA TYPE
Media type term computer
Source rdamedia
338 ## - CARRIER TYPE
Carrier type term online resource
Source rdacarrier
490 1# - SERIES STATEMENT
Series statement Adhesion and Adhesives: Fundamental and Applied Aspects
504 ## - BIBLIOGRAPHY, ETC. NOTE
Bibliography, etc Includes bibliographical references at the end of each chapters and index.
588 ## - SOURCE OF DESCRIPTION NOTE
Source of description note Description based on print version record.
590 ## - LOCAL NOTE (RLIN)
Local note Electronic reproduction. Palo Alto, Calif. : ebrary, 2014. Available via World Wide Web. Access may be limited to ebrary affiliated libraries.
650 #0 - SUBJECT ADDED ENTRY--TOPICAL TERM
Topical term or geographic name as entry element Surface preparation.
Topical term or geographic name as entry element Laser ablation.
Topical term or geographic name as entry element Lasers
General subdivision Industrial applications.
Topical term or geographic name as entry element Adhesion.
655 #0 - INDEX TERM--GENRE/FORM
Genre/form data or focus term Electronic books.
700 1# - ADDED ENTRY--PERSONAL NAME
Personal name Mittal, K. L.,
Dates associated with a name 1945-
Relator term editor.
Personal name Bahners, Thomas,
Relator term editor.
776 08 - ADDITIONAL PHYSICAL FORM ENTRY
Display text Print version:
Title Laser surface modification and adhesion.
Place, publisher, and date of publication Hoboken, New Jersey : Scrivener Publishing : Wiley, c2015
Physical description xvii, 418 pages
Series data for related item Adhesion and adhesives.
International Standard Book Number 9781118831632
Record control number 2014033606
797 2# - LOCAL ADDED ENTRY--CORPORATE NAME (RLIN)
Corporate name or jurisdiction name as entry element ebrary.
830 #0 - SERIES ADDED ENTRY--UNIFORM TITLE
Uniform title Adhesion and adhesives.
856 40 - ELECTRONIC LOCATION AND ACCESS
Uniform Resource Identifier <a href="http://site.ebrary.com/lib/rucke/Doc?id=10951947">http://site.ebrary.com/lib/rucke/Doc?id=10951947</a>
Public note An electronic book accessible through the World Wide Web; click to view

No items available.

© 2026 Rongo University
Contact us: librarian | system librarian | Rongo university